| 000 | 00470nam a22001817a 4500 | ||
|---|---|---|---|
| 003 | OSt | ||
| 005 | 20180116183046.0 | ||
| 008 | 160720b xxu||||| |||| 00| 0 eng d | ||
| 020 | _a9780071823395 | ||
| 040 | _c0 | ||
| 082 | _a657.9042028553 CAP 2014 | ||
| 100 | _aLeslie Capachietti | ||
| 245 |
_aQuickBooks 2014 _bThe Guide _cLeslie Capachietti |
||
| 260 |
_aNew York _bMc Graw Hill _c2014 |
||
| 300 |
_a606 p. _bPB |
||
| 440 | _aQuickBooks 2014 | ||
| 942 |
_2ddc _cBK |
||
| 999 |
_c351433 _d351433 |
||